000 00347 a2200169 4500
001 192286
020 _a978-85-7153-349-3
040 _cMagnum
100 _aRios, Maria ZoƩ
240 1 0 _aO nome do jogo
_lpor
245 1 0 _aO nome do jogo
300 _a40
362 0 _a2016
440 1 _aRHJ
697 _aLITERATURA INFANTO
942 _cBK
999 _c192286
_d192286